Svet bez odpadu môže byť biznis

Filozofia zero waste a podnikateľské nápady na Slovensku. Portál Nezmar - rady, ako obmedziť vznik odpadov a plytvanie jedlom. Zaujímavé projekty a firmy, ktorým je téma zero waste blízka: ekodrogéria Ecoterra, eko zubné kefky - Ecoheart, udržateľná móda - obchod z noseným šatstvom, e-shop Bezodpadu...

Descrizione completa

Salvato in:
Dettagli Bibliografici
Autore principale: Tvardzík, Jozef
Natura: Capitolo di libro
Lingua:slovacco
Soggetti:
Tags: Aggiungi Tag
Nessun Tag, puoi essere il primo ad aggiungerne!!

MARC

LEADER 00000naa a2200000 4500
001 0230017
005 20170511123428.9
041 0 |a slo 
044 |a SK 
245 1 0 |a Svet bez odpadu môže byť biznis  |c Jozef Tvardzík 
520 |a Filozofia zero waste a podnikateľské nápady na Slovensku. Portál Nezmar - rady, ako obmedziť vznik odpadov a plytvanie jedlom. Zaujímavé projekty a firmy, ktorým je téma zero waste blízka: ekodrogéria Ecoterra, eko zubné kefky - Ecoheart, udržateľná móda - obchod z noseným šatstvom, e-shop Bezodpadu.sk. 
610 2 0 |a ekológia 
610 2 0 |a ochrana prostredia životného 
610 2 0 |a firmy 
610 2 0 |a podnikanie zodpovedné 
610 2 0 |a podnikatelia 
610 2 0 |a odpad 
100 1 |a Tvardzík, Jozef